|
|
|
|
| LEADER |
00000cam a2200000 4500 |
| 001 |
vtls012056716 |
| 003 |
SK-MaSNL |
| 005 |
20260301044522.0 |
| 008 |
210602s2020 xo a crp 000 0 hun |
| 015 |
|
|
|a SNBA2021/07
|
| 020 |
|
|
|a 9788010037179
|q (brožované)
|
| 040 |
|
|
|a SNK
|b slo
|c SNK
|e rda
|
| 041 |
1 |
|
|a hun
|h slo
|
| 044 |
|
|
|a xo
|c SK
|
| 072 |
|
7 |
|a 51
|x Matematika
|2 konspekt
|
| 080 |
|
|
|a 51
|2 2011
|
| 080 |
|
|
|a 514
|2 2011
|
| 080 |
|
|
|a (076.1)
|2 2011
|
| 100 |
1 |
|
|a Krejza, Lumír
|4 aut
|9 303913
|
| 240 |
1 |
0 |
|a Matematika pre 5. ročník špeciálnej základnej školy s vyučovacím jazykom maďarským. Pracovný zošit - 1. časť
|l Maďarsky
|
| 245 |
1 |
0 |
|a Matematika
|b a speciális alapiskola 5. osztálya számára : munkafüzet
|n 1. rész
|c szerző Lumír Krejza
|
| 250 |
|
|
|a Nyolcadik kiadás
|
| 264 |
|
1 |
|a Bratislava
|b Slovenské pedagogické nakladateľstvo
|c 2020
|
| 300 |
|
|
|a 64 strán, 4 nečíslované strany obrazových príloh
|b farebné ilustrácie
|c 30 cm
|
| 336 |
|
|
|a text
|b txt
|2 rdacontent
|
| 336 |
|
|
|a statický obraz
|b sti
|2 rdacontent
|
| 337 |
|
|
|a bez média
|b n
|2 rdamedia
|
| 338 |
|
|
|a zväzok
|b nc
|2 rdacarrier
|
| 500 |
|
|
|a Preložené pravdepodobne zo slovenčiny
|
| 546 |
|
|
|a Tiráž aj v slovenčine
|
| 650 |
0 |
7 |
|a matematika
|2 SNKPH
|9 70174
|
| 650 |
0 |
7 |
|a geometria
|2 SNKPH
|9 829
|
| 650 |
0 |
7 |
|a Mathematics
|2 SNKPHeng
|9 265620
|
| 650 |
0 |
7 |
|a Geometry
|2 SNKPHeng
|9 268290
|
| 655 |
|
7 |
|a učebnice špeciálnych základných škôl
|2 SNKPH
|9 70204
|
| 655 |
|
7 |
|a pracovné zošity
|2 SNKPH
|9 70188
|
| 655 |
|
7 |
|a Activity books
|2 SNKPHeng
|9 302885
|
| 700 |
1 |
|
|a Hollá, Judita
|4 trl
|9 64682
|
| 700 |
1 |
|
|a Kováčik, Ivan
|4 ill
|9 6562
|
| 710 |
2 |
|
|a Slovenské pedagogické nakladateľstvo - Mladé letá
|4 pbl
|9 211357
|
| 919 |
|
|
|a 978-80-10-03717-9
|
| 958 |
|
|
|a OP
|
| 968 |
|
|
|b SLO
|
| 999 |
|
|
|c 596179
|d 598109
|
| 952 |
|
|
|a SNK
|b SNK
|y PREZ
|7 0
|p 17A1453902
|o snkSB 96721/1
|i snk2021/6185
|8 0
|0 0
|1 0
|4 0
|d 2021-06-02
|f 1
|l 0
|r 2025-05-19 00:00:00
|w 2026-02-23
|
| 952 |
|
|
|a SNK
|b SNK
|y VYP
|7 0
|p 17A1453903
|o snkSB 96721/1 D1
|i snk2021/6186
|8 0
|0 0
|1 0
|4 0
|d 2021-06-02
|l 0
|r 2026-02-23 15:39:11
|w 2026-02-23
|